000
00286nam a22001337a 4500
008
170331b xxu||||| |||| 00| 0 eng d
020
_a
9780071455527
041
_a
eng
080
_a
616-053.2
100
_a
8
101
_a
SHM
245
_a
PEDIATRICS
_c
YETMAN, R.J
942
_2
udc
_c
BK
999
_c
9246
_d
9246